LEADER 00907nam0-22003371--450- 001 990008644760403321 005 20080410092023.0 010 $a88-207-1545-7 020 $aIT$b89-8575 035 $a000864476 035 $aFED01000864476 035 $a(Aleph)000864476FED01 035 $a000864476 100 $a20080410d1987----km-y0itay50------ba 101 0 $aita 102 $aIT 105 $ay-------001yy 200 1 $aMedioevo monastico meridionale$fHubert Houben 210 $aNapoli$cLiguori$d1987 215 $a213 p.$d22 cm 225 1 $aBiblioteca$iNuovo Medioevo$v32 300 $aScritti vari 676 $a271.009457$v19$zita 700 1$aHouben,$bHubert$f<1953- >$039309 801 0$aIT$bUNINA$gRICA$2UNIMARC 901 $aBK 912 $a990008644760403321 952 $aSDI-KD 354$b949$fSDI 959 $aSDI 996 $aMedioevo monastico meridionale$9715970 997 $aUNINA LEADER 01084nam0-22003851i-450- 001 990003070980403321 035 $a000307098 035 $aFED01000307098 035 $a(Aleph)000307098FED01 035 $a000307098 100 $a20000920d1964----km-y0itay50------ba 101 0 $aeng 102 $aIT 200 1 $a<>Essay on the Distribution of Wealth and on the Sources of Taxation$fRichard Jones. 205 $areprinted. 210 $aNew York$cAugustus M. Kelley$d1964. 215 $aXLIX, 378 p. in varie sequenze$d21 cm 225 1 $aReprints of economic classics 300 $a[Ed. orig. 1831] 610 0 $aDistribuzione del reddito 676 $aD/3.2 676 $aD/3.21 676 $aD/3.22 676 $aD/3.24 676 $aD/3.25 676 $aK/2.0 702 1$aJones,$bRichard 801 0$aIT$bUNINA$gRICA$2UNIMARC 901 $aBK 912 $a990003070980403321 952 $aK/20 JON$b6153$fSES 959 $aSES 996 $aEssay on the Distribution of Wealth and on the Sources of Taxation$9464462 997 $aUNINA DB $aING01